000 00755nab a2200229u 4500
001 07775
003 HDC
007 c| |||a|c|aaaa
008 210128b20171005my ||||| |||| 00| 0 eng d
040 _aHDC
245 0 _aGovt to continue supporting development of SMEs
336 _atext
_2rdacontent
337 _acomputer
_2rdamedia
338 _aonline resource
_2rdacarrier
650 _agross domestic product (GDP)
_96411
650 _aSmall and Medium Enterprises (SME)
_97657
710 _aNew Straits Times
856 _zRequest full-text at [email protected]
942 _2lcc
942 _cNEWS
942 _kNWSC 001438
999 _c5098
_d5098